LA BIBLIA DE HTML 4 (Registro nro. 38897)
[ vista simple ]
| 000 -LEADER | |
|---|---|
| fixed length control field | 00686nam a2200205 a 4500 |
| 001 - CONTROL NUMBER | |
| control field | 38897 |
| 005 - DATE AND TIME OF LATEST TRANSACTION | |
| control field | 20180714012309.0 |
| 008 - FIXED-LENGTH DATA ELEMENTS--GENERAL INFORMATION | |
| fixed length control field | 140415s2000 sp 000 0 spa d |
| 020 ## - INTERNATIONAL STANDARD BOOK NUMBER | |
| International Standard Book Number | 8441510326 |
| 041 ## - LANGUAGE CODE | |
| Language code of text/sound track or separate title | spa |
| 082 ## - DEWEY DECIMAL CLASSIFICATION NUMBER | |
| Classification number | 006.6 |
| Item number | HOL |
| 100 1# - MAIN ENTRY--PERSONAL NAME | |
| Personal name | HOLZCHLAG, MOLLY E. |
| 245 13 - TITLE STATEMENT | |
| Title | LA BIBLIA DE HTML 4 |
| 250 ## - EDITION STATEMENT | |
| Edition statement | 1a ed. |
| 260 ## - PUBLICATION, DISTRIBUTION, ETC. | |
| Place of publication, distribution, etc. | ESPAÑA : |
| Name of publisher, distributor, etc. | ANAYA MULTIMEDIA, |
| Date of publication, distribution, etc. | 2000 |
| 300 ## - PHYSICAL DESCRIPTION | |
| Extent | 976 |
| Dimensions | x 18 x 23 |
| 520 ## - SUMMARY, ETC. | |
| Summary, etc. | ESTE LIBRO PROPORCIONA UNA VISIÓN DETALLADA Y, AL MISMO TIEMPO, AMPLIA DE LA INDUSTRIA DE DESARROLLO WEB |
| 650 14 - SUBJECT ADDED ENTRY--TOPICAL TERM | |
| Topical term or geographic name entry element | GRAFICOS POR COMPUTADOR |
| General subdivision | INTERNET (RED DE COMPUTADORES) |
| -- | SISTEMAS MULTIMEDIA |
| 700 1# - ADDED ENTRY--PERSONAL NAME | |
| Personal name | GARCÍA MARTOS, DANIEL |
| Relator term | tr. |
| Withdrawn status | Lost status | Source of classification or shelving scheme | Damaged status | Not for loan | Collection code | Home library | Current library | Shelving location | Date acquired | Source of acquisition | Inventory number | Total Checkouts | Full call number | Barcode | Date last seen | Date last checked out | Price effective from | Koha item type |
|---|---|---|---|---|---|---|---|---|---|---|---|---|---|---|---|---|---|---|
| Dewey Decimal Classification | General | Biblioteca Karol Wojtyla | Biblioteca Karol Wojtyla | Sala general | 03/12/2013 | Compra | 151000000000000000059517 | '006.6 HOL | 58490 | 05/01/2026 | 26/08/2015 | 03/12/2013 | Libro |